Analýza konvergenčných procesov v EÚ v predkrízovom období

Absolútna konvergencia v Európskej únii pred krízou. Zistenie absolútnej konvergencie medzi krajinami EÚ 25 pomocou ekonometrického modelu. Výsledky analýzy konvergenčno-divergenčných procesov v EÚ 25 (absolútna konvergencia). Podmienená konvergencia v Európskej únii pred krízou. Výsledky analýzy ko...

Descrizione completa

Salvato in:
Dettagli Bibliografici
Autore principale: Lábaj, Martin, 1982-
Natura: Capitolo di libro
Lingua:slovacco
Soggetti:
Tags: Aggiungi Tag
Nessun Tag, puoi essere il primo ad aggiungerne!!

MARC

LEADER 00000nla$a2200000$$$4500
001 0125916
005 20240502072433.2
041 0 |a slo 
044 |a SK 
245 1 0 |a Analýza konvergenčných procesov v EÚ v predkrízovom období  |c Martin Lábaj 
520 |a Absolútna konvergencia v Európskej únii pred krízou. Zistenie absolútnej konvergencie medzi krajinami EÚ 25 pomocou ekonometrického modelu. Výsledky analýzy konvergenčno-divergenčných procesov v EÚ 25 (absolútna konvergencia). Podmienená konvergencia v Európskej únii pred krízou. Výsledky analýzy konvergenčno-divergenčných procesov v EÚ 25 (podmienená konvergencia). Sigma konvergencia v Európskej únii pred krízou. 
610 2 0 |a konvergencia 
610 2 0 |a hospodárstvo národné 
610 2 0 |a analýzy 
610 2 0 |a modelovanie ekonometrické 
610 2 0 |a Slovensko 
610 2 0 |a Európska únia 
100 1 |a Lábaj, Martin, 1982-